[Event "DEM U8 2023"]
[Site "Willingen GER"]
[Date "2023.06.03"]
[Round "7"]
[White "Hornych, Fridtjof"]
[Black "Roscher, Simon"]
[Result "1-0"]
[Termination "normal"]
[Board "20"]
[WhiteElo "963"]
[BlackElo "1051"]
[PlyCount "63"]
[BlackFideId "34673130"]
[EventCountry "GER"]
[EventRounds "7"]
[EventType "swiss"]
[EventDate "2023.05.30"]

1. e4 e5 2. Nf3 Nc6 3. Bb5 a6 4. Bxc6 dxc6 5. Nxe5 Qd4 6. Ng4 Qxe4+ 7. Ne3 Nf6
8. O-O Bc5 9. d3 Qg6 10. Nc3 O-O 11. h3 Nh5 12. Qf3 f5 13. Nc4 Ng3 14. Re1 h5
15. Ne5 Qf6 16. Nd5 cxd5 17. Qxd5+ Be6 18. Qxc5 f4 19. fxg3 fxg3 20. Bd2 b6 21.
Qe3 Rf7 22. Nxf7 Bxf7 23. Rf1 Qg6 24. Qg5 Qd6 25. Qf4 Qg6 26. Rf3 Qc6 27. Qxf7+
Kh8 28. Bc3 Qc5+ 29. Kh1 Rg8 30. Rf5 Qe3 31. Rxh5+ Qh6 32. Rxh6# 1-0

[Event "DEM U8 2023"]
[Site "Willingen GER"]
[Date "2023.06.03"]
[Round "7"]
[White "Dold, Emil"]
[Black "Zentgraf, Raphael"]
[Result "1-0"]
[Termination "normal"]
[Board "22"]
[WhiteElo "1113"]
[BlackElo "783"]
[PlyCount "43"]
[BlackFideId "34684166"]
[EventCountry "GER"]
[EventRounds "7"]
[EventType "swiss"]
[EventDate "2023.05.30"]

1. e4 c5 2. d4 cxd4 3. c3 dxc3 4. Bc4 cxb2 5. Bxb2 e6 6. Nf3 Nf6 7. Nbd2 Bb4 8.
O-O Bxd2 9. Nxd2 d5 10. Bb5+ Nbd7 11. e5 Ne4 12. Ba3 Nxd2 13. Qxd2 a6 14. Ba4
b5 15. Bb3 Bb7 16. Rac1 Qh4 17. Rc7 Ra7 18. Qe3 Qg4 19. Qxa7 Nxe5 20. Re7+ Kd8
21. Qb8+ Bc8 22. Qc7# 1-0